000 01132nam a2200301Ia 4500
003 OSt
005 20221005110623.0
006 a|||||r|||| 00| 0
007 ta
008 221004b |||||||| |||| 00| 0 hin d
020 _a9788126320448 (pbk)
_cINR 180.00
024 _a37463
037 _bBW/1689, 15/03/2018, Bookwell
_cTextual
040 _aCRL
_cCRL
_bhin
041 _2hin
_ahin
082 _aO152,8N31x, Q5
100 _aजोशी, शरद, ले.
245 0 _aयत्र तत्र सर्वत्र
246 _aYatra tatra sarvatra
250 _aसंस्करण 8
260 _aनई दिल्ली
_bभारतीय ज्ञानपीठ भारत
_c2015
300 _a351पृ0
_ccm.
490 _aलोकोदय ग्रन्थमाला; ग्रन्थांक 655
650 _a हिन्दी साहित्य
650 _aहिन्दी हास्य व्यग्ंय
942 _hO152,8N31x, Q5
_cTEXL
_2cc
999 _c1019367
_d1019367